Panstwa w wiekszosci buddystyczne - Statystyki

Ogólne statystyki
  • Ten quiz został rozwiązany 73 razy
  • Średni wynik to 14 z 16
Statystyki odpowiedzi
% buddystow Kraj % Poprawnych
36,2% Japonia
96%
18,2% Chiny
94%
96,9% Kambodza
94%
63,0% Laos
93%
93,2% Tajlandia
93%
16,4% Wietnam
93%
22,9% Korea Poludniowa
91%
80,1% Mjanma
91%
10,7% Nepal
87%
74,7% Bhutan
84%
33,9% Singapur
84%
55,1% Mongolia
82%
17,7% Malezja
81%
69,3% Sri Lanka
81%
21,3% Tajwan
78%
8,6% Brunei
57%
Nie znaleziono quizów pasujących do podanych kryteriów
Rozkład punktacji
Procent ludzi z każdym wynikiem
Percentyl według liczby udzielonych odpowiedzi
Twoja historia wyników
Nie rozwiązałeś tego quizu